00820nam a2200217 i 450000100060000000300090000600500170001500700030003200800410003510000380007624500890011426000750020330000220027870000340030071000590033485200310039385200310042494200080045599900170046395201220048040060ES-MaACL20230914151525.0t|030305s1975 sp ||||1| spa d1 aCañibano Calvo, Leandro.93475313aLa empresa en la sociedad actual / cLeandro Cañibano Calvo, Eduardo Bueno Campos. a[Madrid] : bAsociación para el Progreso de la Dirección, c[1975] a198 p. ; c23 cm.1 aBueno Campos, Eduardo.9323902 aAsociación para el Progreso de la Dirección.91775 aES-MaACLjE-9135 bR.93470 aES-MaACLjE-9459 bR.94306 2udc c40060d40060 00102udc4070aATENEOMbATENEOMcDEPO2d2008-01-17l0oE-9135p1042178r2023-02-23 00:00:00w2023-02-23yMONOGRAFIA